|
|
|
|
| LEADER |
02295njm a2200445 a 4500 |
| 001 |
000976950 |
| 003 |
CZ BrMZK |
| 005 |
20091125093206.0 |
| 007 |
ss lsngnnmmned |
| 008 |
091110s1997 xr ppn g cze d |
| 028 |
0 |
1 |
|a HR 0056-4 311
|b Hurikán
|
| 040 |
|
|
|a BOA001
|b cze
|
| 040 |
|
|
|a ABA001
|b cze
|
| 045 |
|
|
|a x3x9
|
| 048 |
|
|
|a od
|b vu
|
| 072 |
|
7 |
|a 784
|x Vokální hudba
|2 Konspekt
|9 9
|
| 080 |
|
|
|a 784.4
|2 MRF
|
| 080 |
|
|
|a (086.76)
|2 MRF
|
| 100 |
1 |
|
|a Zemánková, Inka,
|d 1915-2000
|7 jn20000402739
|4 prf
|
| 245 |
1 |
0 |
|a Zlaté hity 1939-1997
|h [zvukový záznam]
|
| 260 |
|
|
|a Praha :
|b Hurikán,
|c p1997
|
| 300 |
|
|
|a 1 zvuková kazeta (75:47) :
|b analog, stereo, Dolby system
|
| 306 |
|
|
|a 003752
|a 003755
|
| 500 |
|
|
|a Snímky z archívu Inky Zemánkové
|
| 505 |
0 |
0 |
|t Slunečnice --
|t Hava Nagila --
|t Káčata a cvrček muzikant --
|t Písnička z heřmánku --
|t Odvážného ráda mám --
|t Když motýl křídla sklání --
|t Bloudění v rytmu --
|t Zamilovaný čmelák --
|t Jaro táhlo krajem --
|t Má láska je jazz --
|t barvy duhové --
|t Šťastný den --
|t Satyn delle scat --
|t Paříž --
|t Dívka v rytmu zrozená --
|t Bé-Bé --
|t Pláče nebe --
|t Kapela rytmus má a břink --
|t Příkrá stráň --
|t Nes kytky na pustou pláň --
|t Bláznivý den --
|t Horalka --
|t Ráda zpívám hot --
|t ten pravý --
|t starý refrén --
|t Zpívání v dešti --
|t Slunečnice --
|t Měsíc má dlouhou chvíli
|
| 511 |
0 |
|
|a Orchestr R.A. Dvorského, Orchestr K. Vlacha, Rozhlasový orchestr Brno, Rozhlasový orchestr Praha, Orchestr F. Havlíka, Orchestr V. Hybše
|
| 511 |
0 |
|
|a Inka Zemánková, zpěv
|
| 650 |
0 |
7 |
|a populární písně
|7 ph124354
|y 1931-1940
|2 czenas
|
| 650 |
0 |
7 |
|a populární písně
|7 ph124354
|y 1941-1950
|2 czenas
|
| 650 |
0 |
7 |
|a populární písně
|7 ph124354
|y 1951-1960
|2 czenas
|
| 650 |
0 |
7 |
|a populární písně
|7 ph124354
|y 1961-1970
|2 czenas
|
| 650 |
0 |
7 |
|a populární písně
|7 ph124354
|y 1971-1980
|2 czenas
|
| 650 |
0 |
7 |
|a populární písně
|7 ph124354
|y 1981-1990
|2 czenas
|
| 650 |
0 |
7 |
|a populární hudba
|7 ph124352
|y 1991-2000
|2 czenas
|
| 655 |
|
7 |
|a kompaktní desky
|7 fd201991
|2 czenas
|
| 910 |
|
|
|a BOA001
|b KZ-0015.683
|
| 990 |
|
|
|a AV
|
| 995 |
|
|
|a 01
|
| 991 |
|
|
|b 200911
|
| 996 |
6 |
|
|b 261H017396
|c KZ-0015.683
|l MZK
|r Sklad / do 24 hodin
|n 0
|p p.v.
|w 000976950
|u 000010
|a 1
|e BOA001
|j MZK50
|s P
|